000 00747nam a2200289Ia 4500
001 67243
003 IT-RoPAU
008 130308s9999 xx 000 0 und d
040 _aIT-RoPAU
040 _cIT-RoPAU
041 _aITALIANO
100 _aChiara Piero
100 _gCodice Aut. SPICS: 23458
245 _aUn soggetto è come un cavallo
245 _bCritici e Autori: complici E/O Avversari?
250 _a1a ed.
260 _aVENEZIA
260 _bMarsilio
260 _c1976 [1° Ed.:1976 - Ed.Ling.Originale:1974]
300 _a"2 p. (prefazione: no ; testo: 2 [pagine: 64-65])"
650 _aSAGGI SUL CINEMA
650 _eCodice materia Spics: 6811
942 _cBK
957 _71
999 _c55980
_d55980
999 _bSI
999 _g1